Statistics for She Will Be Loved by Maroon 5 Lyrics

Click here to take the quiz!

General Stats

  • This quiz has been taken 229 times
  • The average score is 32 of 46

Answer Stats

Lyrics% Correct
Beauty queen of only {eighteen}
94%
I drove for {miles} and {miles} and wound up at your door
92%
And {she} {will} {be} {loved}
91%
She had some {trouble} with herself
91%
And {she} {will} {be} {loved}
90%
Look for the girl with the {broken} {smile}
89%
Out on your corner in the {pouring} {rain}
88%
Ask her if she wants to {stay} {awhile}
87%
I don't mind {spending} every day
87%
I want to make you feel {beautiful}
85%
He was always there to {help} {her}
83%
I know I tend to get so {insecure}
78%
And {she} {will} {be} {loved}
76%
And {she} {will} {be} {loved}
76%
I've had you {so} {many} {times} but somehow I want more
76%
Look for the girl with the {broken} {smile}
76%
Out on your corner in the {pouring} {rain}
76%
And {she} {will} {be} {loved}
75%
And {she} {will} {be} {loved}
75%
I don't mind {spending} every day
75%
Ask her if she wants to {stay} {awhile}
74%
She always {belonged} to someone else
73%
It's {compromise} that moves us along, yeah
72%
It's not always {rainbows} {and} {butterflies}
71%
{Doesn't} {matter} anymore
68%
{Tap} {on} {my} {window}, knock on my door
61%
I don't mind {spending} every day
60%
I want to make you feel {beautiful}
60%
Look for the girl with the {broken} {smile}
60%
And {she} {will} {be} {loved}
59%
Ask her if she wants to {stay} {awhile}
59%
I know that goodbye means {nothing} {at} {all}
59%
Out on your corner in the {pouring} {rain}
59%
And {she} {will} {be} {loved}
57%
My heart is full and my {door's} {always} {open}
57%
And {she} {will} {be} {loved}
56%
Know all of the things that make you {who} {you} {are}
56%
I don't mind {spending} every day
55%
And {she} {will} {be} {loved}
54%
Out on your corner in the {pouring} {rain}
53%
{Alone} in your car
51%
{Tap} {on} {my} {window}, knock on my door
50%
Comes back and makes me {catch} {her} {every} {time} she falls, yeah
49%
You {come} {anytime} you want, yeah.
49%
I know {where} {you} {hide}
48%
Please don't try so {hard} {to} {say} goodbye
42%

Score Distribution

Percentile by Number Answered

Percent of People with Each Score

Your Score History

You have not taken this quiz